KOMU LUB CZEMU ZAZWYCZAJ NADAJEMY IMIĘ? - Statystyki

Ogólne statystyki
  • Ten quiz został rozwiązany 132 razy
  • Średni wynik to 3 z 5
Statystyki odpowiedzi
Odpowiedź % Poprawnych
PSU
95%
DZIECKU
90%
KOTU
90%
SZKOLE
9%
SZPITALOWI
3%
Nie znaleziono quizów pasujących do podanych kryteriów
Rozkład punktacji
Procent ludzi z każdym wynikiem
Percentyl według liczby udzielonych odpowiedzi
Twoja historia wyników
Nie rozwiązałeś tego quizu